| 000 | 00543cam a2200181 4500 | ||
|---|---|---|---|
| 082 | 0 | 0 |
_a532.051 _bHAN _cL-22, P-14 |
| 100 | 1 |
_aStreeter, Victor L. _939966 |
|
| 245 | 1 | 0 | _aHandbook of fluid dynamics. |
| 250 | _a1st ed. | ||
| 260 |
_aNew York, _bMcGraw-Hill, _c1961. |
||
| 300 |
_a1 v. (various pagings) _billus., diagrs. _c24 cm. |
||
| 490 | 0 | _aMcGraw-Hill handbooks | |
| 526 |
_a0 _b0 _c0 _d532_051000000000000_HAN |
||
| 526 |
_a0 _b0 _c0 _d532_051000000000000_HAN |
||
| 650 | 0 |
_aFluid dynamics. _91384 |
|
| 650 | 0 |
_aMCE _9379 |
|
| 942 |
_2ddc _cBK |
||
| 999 |
_c550479 _d550479 |
||